000 00395nam a2200145 i 4500
001 bg
100 1 _aKOLUPA, Michał
245 0 _aWybrane metody numeryczne algebry liniowej w ekonometrii /
_cMichał Kolupa, Jerzy M. Witkowski.
260 _aWarszawa,
_c1981.
700 1 _aWITKOWSKI, Jerzy M.
040 _cBPK
041 _apol
942 _cKS
008 s pl f |000 0 pol
999 _c20223
_d20223
856 _uhttp://koha.tu.koszalin.pl/cgi-bin/koha/opac-detail.pl?biblionumber=20223
_yKatalog online BPK